000 02187cam a2200457 i 4500
001 21227027
003 OSt
005 20231204152445.0
008 190509r20192018ii b 001 0 eng d
010 _a 2019345094
020 _a9789352875511
_q(paperback)
020 _a9352875516
025 _aI-E-2019345094; 63-90; 79-90
035 _a(OCoLC)on1103603464
035 _a(OCoLC)1103603464
_z(OCoLC)1091846609
037 _bLibrary of Congress -- New Delhi Overseas Office
040 _aDKAGE
_beng
_erda
_cDKAGE
_dOCLCO
_dOCLCF
_dYDX
_dDLC
042 _alccopycat
_alcode
050 0 0 _aD20
_b.J27 2019
082 0 4 _a909
_bRED/T
100 1 _aJaipal Reddy, S.
_q(Sudini),
_d1942-2019
_eauthor.
_910008
245 1 0 _aTen ideologies :
_bthe great asymmetry between agrarianism and industrialism /
_cS. Jaipal Reddy ; with a foreword by Gopalkrishna Gandhi.
246 3 _a10 ideologies
264 1 _aHyderabad, Telangana, India :
_bOrient BlackSwan,
_c2019.
300 _axxii, 282 pages ;
_c22 cm
336 _atext
_btxt
_2rdacontent
337 _aunmediated
_bn
_2rdamedia
338 _avolume
_bnc
_2rdacarrier
500 _aReprint. Originally published: 2018.
500 _a"In Ten ideologies, eminent scholar and politician S. Jaipal Reddy presents an overview of world history, and studies the four great movements that laid the foundation of the industrial revolution: the Renaissance, Humanism, Protestant reformation, and the Scientific revolution. He also points out that these movements had themselves received an impetus from the legacy of China, India and West Asia."--Cover page 4.
504 _aIncludes bibliographical references (pages 264-270) and index.
650 0 _aWorld history.
650 0 _aIdeology.
650 0 _aIndustrial revolution.
650 7 _aIdeology.
_2fast
_0(OCoLC)fst00966915
650 7 _aIndustrial revolution.
_2fast
_0(OCoLC)fst00971658
650 7 _aWorld history.
_2fast
_0(OCoLC)fst01181345
906 _a7
_bcbc
_ccopycat
_d3
_encip
_f20
_gy-gencatlg
942 _2ddc
_cBK
_h909
_iRED/T
_k909
_mRED/T
999 _c43847
_d43847